000 00569nam a2200205Ia 4500
005 20250923145040.0
008 008 250917s9999 xx 000 0 eng d
037 _aTextual
040 _aDSWL
_beng
_cDSWL
041 _aeng
_2eng
084 _aLT:4:691, K4
_qDSWL
100 _aCaplan, G.
_9831259
245 0 _aPrinciples of preventive psychiatry
_cby G. Caplan
260 _bTavistock Publication
_c1964
300 _ax,224 p.
365 _aINR
_b42
925 _g42
942 _cTEXL
_hLT:4:691, K4
999 _c1446454
_d1446454